000 00536nam a22001697a 4500
005 20250109092833.0
008 241011b |||||||| |||| 00| 0 eng d
020 _a97898891611375
082 _aDC 324.204 B233 2024
100 _aBarber, Jeremy.
_962778
245 _aPolitical parties and interest groups /
_cJeremy Barber.
260 _aUSA :
_bAlexis press,
_c©2024.
300 _avii, 285 pages :
_billustrations ;
_c23 cm.
500 _aIncludes bibliography and index.
650 0 _aPolitical parties.
_963741
942 _2ddc
_cDC
999 _c22484
_d22484